Central Library OPAC University of Rajshahi

Chambers's six-figure mathematical tables. (Record no. 7334)

MARC details
000 -LEADER
fixed length control field 00754cam a22002411 4500
001 - CONTROL NUMBER
control field 7334
003 - CONTROL NUMBER IDENTIFIER
rucl marc code BD-RjUL
005 - DATE AND TIME OF LATEST TRANSACTION
control field 20211208234411.0
008 - FIXED-LENGTH DATA ELEMENTS--GENERAL INFORMATION
fixed length control field 790416s1961 stk 000 0 eng
035 ## - SYSTEM CONTROL NUMBER
System control number (BD-RjUL)7377
040 ## - CATALOGING SOURCE
Original cataloging agency DLC
Transcribing agency DLC
Modifying agency DLC
-- BD-RjUL
Language of cataloging eng
041 ## - LANGUAGE CODE
Language code of text/sound track or separate title eng
082 00 - DEWEY DECIMAL CLASSIFICATION NUMBER
Classification number 510.83
Edition number 18
Author mark and year COC 1961
100 1# - MAIN ENTRY--PERSONAL NAME
Personal name Comrie, L. J.
Fuller form of name (Leslie John),
Dates associated with a name 1893-1950.
9 (RLIN) 22910
245 10 - TITLE STATEMENT
Title Chambers's six-figure mathematical tables.
Statement of responsibility, etc. L J Comrie.
Number of part/section of a work Volume I :
Name of part/section of a work Logarithmic values /
260 ## - PUBLICATION, DISTRIBUTION, ETC. (IMPRINT)
Place of publication, distribution, etc. Edinburgh :
Name of publisher, distributor, etc. W. & R. Chambers,
Date of publication, distribution, etc. 1961.
300 ## - PHYSICAL DESCRIPTION
Pagination 2 v., 576 p ;
Size 27 cm.
505 0# - FORMATTED CONTENTS NOTE
Formatted contents note v. 1. Logarithmic values.--v. 2. Natural values.
650 #0 - SUBJECT ADDED ENTRY--TOPICAL TERM
Topical term or geographic name as entry element Mathematics
General subdivision Tables.
9 (RLIN) 20017
942 ## - ADDED ENTRY ELEMENTS (KOHA)
Source of classification or shelving scheme Dewey Decimal Classification
Koha item type Books
Holdings
Lost status Source of classification or shelving scheme Materials specified (bound volume or other part) Damaged status Not for loan Permanent Location Current Location Shelving location Date acquired Source of acquisition Cost, normal purchase price Total Checkouts Full call number Date last seen Copy number Koha item type Collection code
  Dewey Decimal Classification V-1   Not For Loan Central Library, University of Rajshahi Central Library, University of Rajshahi   04/02/1963 Zeitlinger 45.00   510.83 COC 1961 13/01/2014 C-1 Books  
  Dewey Decimal Classification       Central Library, University of Rajshahi Central Library, University of Rajshahi   04/02/1963 Zeitlinger 45.00   510.83 COC 1961 21/01/2014 C-2 Books Non-fiction